LEADER 01192nam a2200241 i 4500 001 000000029689 003 CaOOAMICUS 005 20260423120420.0 008 180830s1990 sp u000 u spa u 040 $aSeMil$bita 100 1 $aAlonso Schökel, Luis,$c.$0(OLS)http://semarc/name/1443 240 10$aBibbia. Antico Testamento. Libri sapienziali.$0(OLS)http://semarc/title/445527 245 10$aSapienciales /$cL. Alonso Schökel , J. Vilchez Lindez con la colaboración de A. Pinto. 260 $aEstella (Navarra) :$bEditorial Verbo Divino,$c1990. 300 $av. ;$c24 cm. 490 1 $aNueva Biblia española 650 4$aBibbia. Antico testamento. Libri sapienziali - Commentari, studi, critica, interpretazioni.$0(OLS)http://semarc/subject/12612 700 1 $aVilchez Líndez, José,$c.$0(OLS)http://semarc/name/18645 774 0 $aVilchez Líndez, José $tSabiduria.$z84-7151-665-1$g5$w()38723 830 0$aNueva Biblia española.$0(OLS)http://semarc/title/24177 996 $6245$aSapienciales$9(OLS)http://semarc/title/40350 996 $6260$aEstella (Navarra) :$bEditorial Verbo Divino$9(OLS)http://semarc/publisher/34756